Statistiques concernant Quiz Histoire Géographie

Cliquez ici pour prendre le quiz!

Statistiques générales

  • Ce quiz a été pris 560 fois
  • Le résultat moyen est 8 sur 15

Statistiques - réponses

QuestionRéponse% Correct
Quel est le seul pays a ne pas avoir un drapeau de forme rectangulaire ?Népal
90%
Qui était le président des Etats Unis durant la seconde guerre mondiale ?Roosevelt
86%
Quel roi a combattu à la bataille de Marignan ?François 1er
78%
Quel pays a pour capitale "Nassau" ?Bahamas
73%
A quel date Charlemagne s'est il fait sacrée roi ?25 décembre 800
69%
Qui est le premier roi de France ?Clovis
62%
Quel roi a mis en place le colbertisme ?Louis 14
61%
Qui est le seul roi a avoir été canonisé ?Louis 9
61%
Quel est l'état des Etats Unis ayant pour capitale Salt Lake City ?Utah
57%
Qui est le personnage historique ayant maudit une lignée de rois ?Jacques De Molay
46%
Quel bâtiment Dagobert a t'il construit ?Cathédrale de Saint Denis
40%
Quel est la capitale de l'état d'Amérique "Arkansas" ?Little Rock
37%
Par qui Clovis s'est il fait baptiser ?Saine Rémi
34%
Quel est le plus petit pays d'Afrique continentale ?Gambie
14%
Dans quel océan se trouve les Iles Sandwich ?Océan Atlantique
14%

Distribution des résultats

Percentile par nombre de réponses

% des personnes avec chaque résultat

Votre développement - résultats

Vous n’avez pas pris ce quiz